[Event "Sherbrooke Perpetuelles 36-40"]
[Site "Sherbrooke CAN"]
[Date "2004.03.19"]
[Round "4"]
[White "Morin, Laurent"]
[Black "Sckoropad, Denis"]
[Result "1-0"]
[WhiteElo "980"]
[BlackElo "1219"]
[PlyCount "79"]
[GameId "2160767911192166"]
[EventDate "2004.02.??"]
[EventType "swiss"]
[EventCountry "CAN"]
[SourceTitle "EXT 2005"]
[Source "ChessBase"]
[SourceDate "2004.11.15"]
[SourceVersion "1"]
[SourceVersionDate "2004.11.15"]
[SourceQuality "1"]

1. e4 e5 2. Nf3 Nc6 3. Bb5 Nge7 4. d3 a6 5. Bc4 Na5 6. Nxe5 d5 7. exd5 Nxc4 8. dxc4 Nf5 9. Qf3 Bc5 10. Qe2 O-O 11. Nd3 Re8 12. Be3 Nxe3 13. fxe3 Qh4+ 14. g3 Qxc4 15. Nc3 Bg4 16. Qf2 Bb4 17. Nxb4 Qxb4 18. Rb1 Rad8 19. O-O Re7 20. a3 Qd6 21. e4 Qg6 22. Rbe1 Bh3 23. Qc5 Rde8 24. Rf4 Bg4 25. Qd4 h5 26. Kf2 h4 27. Re3 hxg3+ 28. Rxg3 Qh6 29. Rfxg4 Qxh2+ 30. Rg2 Qxg2+ 31. Rxg2 Re5 32. Rg4 g6 33. Kg3 R8e7 34. Na4 b6 35. b4 Kh7 36. Rh4+ Kg7 37. Nb2 g5 38. Rg4 Kg6 39. Nd3 c5 40. Nxe5+ 1-0

[Event "Sherbrooke Perpetuelles 36-40"]
[Site "Sherbrooke CAN"]
[Date "2004.03.19"]
[Round "4"]
[White "Ouellet-Lahaie, Didier"]
[Black "Mathieu, Jean-Philippe"]
[Result "1-0"]
[WhiteElo "1499"]
[BlackElo "1437"]
[PlyCount "44"]
[GameId "2160767911192167"]
[EventDate "2004.02.??"]
[EventType "swiss"]
[EventCountry "CAN"]
[SourceTitle "EXT 2005"]
[Source "ChessBase"]
[SourceDate "2004.11.15"]
[SourceVersion "1"]
[SourceVersionDate "2004.11.15"]
[SourceQuality "1"]

1. e4 c6 2. d4 d5 3. exd5 cxd5 4. Bd3 Nf6 5. Bf4 Nc6 6. c3 Qa5 7. Nf3 Bg4 8. O-O O-O-O 9. a4 e5 10. b4 Qc7 11. dxe5 Nh5 12. Bg5 f6 13. exf6 gxf6 14. Bh4 Ne5 15. Bf5+ Bxf5 16. Nxe5 fxe5 17. Qxh5 Be4 18. Bxd8 Rg8 19. f3 Qg7 20. Qh3+ Kxd8 21. fxe4 d4 22. cxd4 exd4 1-0

[Event "Sherbrooke Perpetuelles 36-40"]
[Site "Sherbrooke CAN"]
[Date "2004.03.26"]
[Round "5"]
[White "Beaudry, Michel"]
[Black "Vincent, Pascal"]
[Result "1-0"]
[WhiteElo "1421"]
[BlackElo "1254"]
[PlyCount "65"]
[GameId "2160767911192170"]
[EventDate "2004.02.??"]
[EventType "swiss"]
[EventCountry "CAN"]
[SourceTitle "EXT 2005"]
[Source "ChessBase"]
[SourceDate "2004.11.15"]
[SourceVersion "1"]
[SourceVersionDate "2004.11.15"]
[SourceQuality "1"]

1. e4 g6 2. d4 Bg7 3. Nf3 d6 4. Be2 Nf6 5. Nc3 O-O 6. O-O Nc6 7. Be3 Ng4 8. Bc1 e5 9. d5 Ne7 10. h3 Nh6 11. Nh2 f5 12. f4 fxe4 13. fxe5 Bxe5 14. Bxh6 Rxf1+ 15. Qxf1 Nf5 16. Bf4 Bd4+ 17. Kh1 g5 18. g4 gxf4 19. gxf5 Qh4 20. Qg2+ Qg3 21. Qxg3+ fxg3 22. Ng4 Bxf5 23. Nh6+ Kh8 24. Nxf5 Bf2 25. Nxe4 Rg8 26. Kg2 h5 27. Nxf2 gxf2+ 28. Kxf2 Rf8 29. Bd3 Kh7 30. Rg1 Rf7 31. Rg5 h4 32. Rg4 a6 33. Kf3 1-0

[Event "Sherbrooke Perpetuelles 36-40"]
[Site "Sherbrooke CAN"]
[Date "2004.03.26"]
[Round "5"]
[White "Benoit, Andre"]
[Black "Jolin, Fernand"]
[Result "1-0"]
[WhiteElo "1320"]
[BlackElo "1303"]
[PlyCount "112"]
[GameId "2160767911192171"]
[EventDate "2004.02.??"]
[EventType "swiss"]
[EventCountry "CAN"]
[SourceTitle "EXT 2005"]
[Source "ChessBase"]
[SourceDate "2004.11.15"]
[SourceVersion "1"]
[SourceVersionDate "2004.11.15"]
[SourceQuality "1"]

1. e4 e5 2. Bc4 Nf6 3. Nc3 g6 4. f4 exf4 5. Nf3 d5 6. exd5 Qe7+ 7. Qe2 Qxe2+ 8. Nxe2 Bg7 9. O-O Nh5 10. d4 Bf5 11. c3 g5 12. Nxg5 h6 13. Nxf7 Kxf7 14. d6+ Be6 15. Bxe6+ Kxe6 16. dxc7 Na6 17. Nxf4+ Nxf4 18. Bxf4 Raf8 19. Rad1 Kd5 20. b3 Rf7 21. c4+ Kc6 22. d5+ Kd7 23. d6 Re8 24. Be3 Rxf1+ 25. Rxf1 Kxd6 26. Re1 Kd7 27. Rf1 Nxc7 28. Bxa7 Bc3 29. Rf7+ Kc6 30. Rf3 Bb4 31. g4 b6 32. Rf6+ Re6 33. Rxe6+ Nxe6 34. Bb8 Nd4 35. Kf2 Bd2 36. h4 Kc5 37. Ba7 Nc6 38. Kf3 Bc1 39. b4+ Kxc4 40. Bxb6 Nxb4 41. a4 Nd5 42. Bd8 Nf4 43. g5 h5 44. Bc7 Ng6 45. Kg3 Bd2 46. Kh3 Be1 47. Bg3 Bd2 48. Bc7 Kd5 49. Kg3 Be1+ 50. Kf3 Bxh4 51. Bf4 Be1 52. Bc7 Bd2 53. Bd8 h4 54. Kg4 Bf4 55. Kh3 Bg3 56. Kg4 Ne5+ 1-0

[Event "Sherbrooke Perpetuelles 36-40"]
[Site "Sherbrooke CAN"]
[Date "2004.03.26"]
[Round "5"]
[White "Laferriere, Bruno"]
[Black "Mathieu, Jean-Philippe"]
[Result "1-0"]
[WhiteElo "1418"]
[BlackElo "1437"]
[PlyCount "79"]
[GameId "2160767911192174"]
[EventDate "2004.02.??"]
[EventType "swiss"]
[EventCountry "CAN"]
[SourceTitle "EXT 2005"]
[Source "ChessBase"]
[SourceDate "2004.11.15"]
[SourceVersion "1"]
[SourceVersionDate "2004.11.15"]
[SourceQuality "1"]

1. d4 Nf6 2. c4 g6 3. Nf3 Bg7 4. Nc3 O-O 5. e4 d6 6. Be2 Nc6 7. O-O e5 8. Bg5 h6 9. Bh4 g5 10. dxe5 dxe5 11. Bg3 Qe7 12. a3 g4 13. Nh4 Nd4 14. Nd5 Nxd5 15. exd5 Qg5 16. f4 gxf3 17. Nxf3 Qe3+ 18. Rf2 Re8 19. Nxd4 exd4 20. Bf4 Qe7 21. Qd2 Kh7 22. Bd3+ f5 23. Re2 Qf8 24. Bxc7 Rxe2 25. Qxe2 Bd7 26. Re1 Qc5 27. Bg3 a5 28. Qc2 Rf8 29. b4 axb4 30. axb4 Qxb4 31. Rb1 Qa3 32. Rxb7 Bc8 33. Rb3 Qa1+ 34. Rb1 Qc3 35. c5 Kg8 36. Qxc3 dxc3 37. Bf4 Bd4+ 38. Kf1 Bxc5 39. Bxh6 Rf6 40. Rb8 1-0

[Event "Sherbrooke Perpetuelles 36-40"]
[Site "Sherbrooke CAN"]
[Date "2004.03.26"]
[Round "5"]
[White "Morin, Laurent"]
[Black "Berard, Pascal"]
[Result "1-0"]
[WhiteElo "980"]
[BlackElo "938"]
[PlyCount "35"]
[GameId "2160767911192175"]
[EventDate "2004.02.??"]
[EventType "swiss"]
[EventCountry "CAN"]
[SourceTitle "EXT 2005"]
[Source "ChessBase"]
[SourceDate "2004.11.15"]
[SourceVersion "1"]
[SourceVersionDate "2004.11.15"]
[SourceQuality "1"]

1. e4 c5 2. Nf3 Nc6 3. Bb5 g6 4. O-O Bg7 5. c3 Ne5 6. d4 Nxf3+ 7. Qxf3 cxd4 8. cxd4 Qb6 9. Nc3 Bxd4 10. Be3 Bxe3 11. fxe3 a6 12. Qxf7+ Kd8 13. Qf8+ Kc7 14. Nd5+ Kb8 15. Nxb6 Ka7 16. Nxa8 Kb8 17. Bc4 e6 18. Nb6 1-0

[Event "Sherbrooke Perpetuelles 36-40"]
[Site "Sherbrooke CAN"]
[Date "2004.03.26"]
[Round "5"]
[White "Ouellet-Lahaie, Didier"]
[Black "Courteau, Bernard"]
[Result "1-0"]
[WhiteElo "1499"]
[BlackElo "1619"]
[PlyCount "109"]
[GameId "2160767911192177"]
[EventDate "2004.02.??"]
[EventType "swiss"]
[EventCountry "CAN"]
[SourceTitle "EXT 2005"]
[Source "ChessBase"]
[SourceDate "2004.11.15"]
[SourceVersion "1"]
[SourceVersionDate "2004.11.15"]
[SourceQuality "1"]

1. e4 e5 2. Nf3 Nc6 3. Bb5 a6 4. Ba4 Nf6 5. O-O b5 6. Bb3 d6 7. c3 Na5 8. Bc2 c5 9. a4 Be7 10. axb5 axb5 11. b4 Bb7 12. bxa5 Nxe4 13. Qe2 f5 14. Qxb5+ Qd7 15. c4 Bc6 16. Qxc6 Qxc6 17. Ba4 Kd7 18. d3 Nf6 19. Bxc6+ Kxc6 20. Bd2 Ra6 21. Bc3 Rha8 22. Nbd2 Bd8 23. Nb3 R8a7 24. Nfd2 g5 25. f3 h5 26. Rf2 Rg7 27. Nf1 f4 28. g4 Nd7 29. Nfd2 Nf6 30. Re2 Rb7 31. Kf2 Rb8 32. Bxe5 dxe5 33. Rxe5 Nd7 34. Re6+ Kb7 35. Rxa6 Kxa6 36. Ke1 Ra8 37. Kd1 Be7 38. Kc2 Kb7 39. Re1 Bd6 40. Re6 Bf8 41. Ne4 Ra6 42. Re8 Rc6 43. Kc3 Kc7 44. Kb2 Ra6 45. Ka3 Ra7 46. Ka4 Bd6 47. Re6 Bf8 48. Nc3 Rb7 49. Nb5+ Kd8 50. a6 Rb6 51. Rxb6 Nxb6+ 52. Ka5 Na8 53. a7 Kc8 54. Ka6 Be7 55. Nd2 1-0

[Event "Sherbrooke Perpetuelles 36-40"]
[Site "Sherbrooke CAN"]
[Date "2004.03.26"]
[Round "5"]
[White "Pilotte, Benoit"]
[Black "Duclos, Alain"]
[Result "1-0"]
[WhiteElo "1755"]
[BlackElo "1875"]
[PlyCount "93"]
[GameId "2160767911192178"]
[EventDate "2004.02.??"]
[EventType "swiss"]
[EventCountry "CAN"]
[SourceTitle "EXT 2005"]
[Source "ChessBase"]
[SourceDate "2004.11.15"]
[SourceVersion "1"]
[SourceVersionDate "2004.11.15"]
[SourceQuality "1"]

1. d4 Nf6 2. Nf3 g6 3. g3 Bg7 4. Bg2 O-O 5. Bg5 c6 6. Nc3 d6 7. e4 Qa5 8. O-O Bg4 9. Qc1 Nbd7 10. h3 Bxf3 11. Bxf3 Rfc8 12. a3 Qd8 13. h4 Qf8 14. b4 h5 15. Rb1 a6 16. Bg2 Nh7 17. Be3 e5 18. d5 b5 19. Bh3 Qd8 20. dxc6 Rxc6 21. Nd5 Ndf6 22. Nxf6+ Nxf6 23. Bg5 Qc7 24. Qe3 Rc3 25. Qd2 Rxc2 26. Rbc1 Rxd2 27. Rxc7 Ra2 28. Bc1 Nxe4 29. Bc8 Nf6 30. Bb7 Rd8 31. Bxa6 Nd5 32. Rc6 Ne7 33. Rc7 Nf5 34. Bxb5 Nd4 35. Bc4 Ne2+ 36. Kg2 Ra1 37. Bxe2 e4 38. Ba6 d5 39. Bg5 Rd6 40. Rxa1 Bxa1 41. b5 d4 42. Bf4 Rd5 43. b6 d3 44. b7 d2 45. b8=Q+ Kg7 46. Bxd2 Rxd2 47. Qe8 1-0

[Event "Sherbrooke Perpetuelles 36-40"]
[Site "Sherbrooke CAN"]
[Date "2004.03.26"]
[Round "5"]
[White "Viens, Nicolas"]
[Black "Lafleur, Sebastien"]
[Result "0-1"]
[WhiteElo "1368"]
[BlackElo "1137"]
[PlyCount "58"]
[GameId "2160767911192180"]
[EventDate "2004.02.??"]
[EventType "swiss"]
[EventCountry "CAN"]
[SourceTitle "EXT 2005"]
[Source "ChessBase"]
[SourceDate "2004.11.15"]
[SourceVersion "1"]
[SourceVersionDate "2004.11.15"]
[SourceQuality "1"]

1. c4 b6 2. d4 d5 3. e3 Bb7 4. cxd5 Bxd5 5. Nc3 Nf6 6. Nf3 e6 7. Bd3 Bb4 8. O-O Bxc3 9. bxc3 Nbd7 10. Re1 O-O 11. e4 Bb7 12. Qc2 Nh5 13. e5 Bxf3 14. Bxh7+ Kh8 15. gxf3 f5 16. Bg6 Qh4 17. Bxh5 Qxh5 18. Kf1 Qxf3 19. Re3 Qh1+ 20. Ke2 Qxh2 21. Bd2 f4 22. Rf3 Qh5 23. Qe4 g5 24. Kd3 Kg7 25. Rg1 Rad8 26. Bxf4 Nc5+ 27. Ke3 Nxe4 28. Kxe4 Qg6+ 29. Ke3 gxf4+ 0-1

[Event "Sherbrooke Perpetuelles 41-45"]
[Site "Sherbrooke CAN"]
[Date "2004.04.02"]
[Round "1"]
[White "Courteau, Bernard"]
[Black "Pilotte, Benoit"]
[Result "0-1"]
[WhiteElo "1601"]
[BlackElo "1767"]
[PlyCount "78"]
[GameId "2160767911175111"]
[EventDate "2004.04.??"]
[EventType "swiss"]
[EventRounds "5"]
[EventCountry "CAN"]
[SourceTitle "EXT 2005"]
[Source "ChessBase"]
[SourceDate "2004.11.15"]
[SourceVersion "1"]
[SourceVersionDate "2004.11.15"]
[SourceQuality "1"]

1. e4 d6 2. d4 Nf6 3. Nc3 g6 4. f3 Bg7 5. Be3 c6 6. Qd2 b5 7. Be2 O-O 8. Bh6 Bxh6 9. Qxh6 Qb6 10. O-O-O a5 11. g4 a4 12. h4 b4 13. Nb1 Be6 14. Nh3 Nbd7 15. h5 b3 16. axb3 g5 17. Qxg5+ Kh8 18. Qd2 axb3 19. c3 Ra1 20. Nf4 Qa5 21. Qd3 c5 22. Nxe6 fxe6 23. Kd2 Qa2 24. Ke3 cxd4+ 25. cxd4 Qa5 26. f4 e5 27. f5 exd4+ 28. Qxd4 Ra4 29. Qc3 Rxe4+ 30. Kf2 Qc5+ 31. Qxc5 Nxc5 32. Nc3 Rb4 33. Kg3 Rg8 34. Rh4 Nce4+ 35. Nxe4 Rxe4 36. Bf3 Rc4 37. Rd3 Rb4 38. Bd1 Ne4+ 39. Kh3 Nf2+ 0-1

[Event "Sherbrooke Perpetuelles 41-45"]
[Site "Sherbrooke CAN"]
[Date "2004.04.02"]
[Round "1"]
[White "Jolin, Fernand"]
[Black "Morin, Laurent"]
[Result "1-0"]
[WhiteElo "1313"]
[BlackElo "1042"]
[PlyCount "75"]
[GameId "2160767911175112"]
[EventDate "2004.04.??"]
[EventType "swiss"]
[EventRounds "5"]
[EventCountry "CAN"]
[SourceTitle "EXT 2005"]
[Source "ChessBase"]
[SourceDate "2004.11.15"]
[SourceVersion "1"]
[SourceVersionDate "2004.11.15"]
[SourceQuality "1"]

1. Nf3 Nc6 2. g3 g6 3. Bg2 Bg7 4. O-O e5 5. e4 Nf6 6. d3 O-O 7. Bg5 h6 8. Bxf6 Bxf6 9. Nc3 Nd4 10. Nxd4 exd4 11. Ne2 g5 12. Qd2 d6 13. c3 c5 14. cxd4 Bxd4 15. Nxd4 cxd4 16. Qb4 Qf6 17. f4 g4 18. Rfe1 a5 19. Qa4 Rd8 20. e5 dxe5 21. Rxe5 Qb6 22. Re8+ Kg7 23. Rxd8 Qxd8 24. Qb5 Ra7 25. Qe5+ Qf6 26. Qb8 Qb6 27. Qxc8 Qxb2 28. Qc1 Qe2 29. Be4 b6 30. Qe1 Qb2 31. Bd5 Re7 32. Qxe7 Qxa1+ 33. Kf2 Qb2+ 34. Qe2 Qb4 35. Qxg4+ Kf8 36. Qe2 Qd6 37. Qe5 Qg6 38. Qxd4 1-0

[Event "Sherbrooke Perpetuelles 41-45"]
[Site "Sherbrooke CAN"]
[Date "2004.04.02"]
[Round "1"]
[White "Lewis, Claude"]
[Black "Laferriere, Bruno"]
[Result "0-1"]
[WhiteElo "1449"]
[BlackElo "1501"]
[PlyCount "104"]
[GameId "2160767911175113"]
[EventDate "2004.04.??"]
[EventType "swiss"]
[EventRounds "5"]
[EventCountry "CAN"]
[SourceTitle "EXT 2005"]
[Source "ChessBase"]
[SourceDate "2004.11.15"]
[SourceVersion "1"]
[SourceVersionDate "2004.11.15"]
[SourceQuality "1"]

1. e4 c5 2. c3 e6 3. d4 d5 4. exd5 exd5 5. Nf3 Nc6 6. Bd3 Bd6 7. O-O Nge7 8. Bg5 Bg4 9. dxc5 Bxc5 10. Nbd2 Qc7 11. Rc1 O-O 12. Qa4 Bd7 13. Qh4 Ng6 14. Bxg6 fxg6 15. Nd4 Qb6 16. b4 Bxd4 17. cxd4 Qxd4 18. Qxd4 Nxd4 19. Rc7 Bb5 20. Re1 Ne2+ 21. Kh1 Rae8 22. Nf3 Rf7 23. Rxf7 Kxf7 24. Be3 b6 25. a3 h6 26. Rd1 Bc4 27. Nd4 Nxd4 28. Rxd4 g5 29. g3 a5 30. Kg2 axb4 31. axb4 b5 32. Kf3 Kg6 33. Kg2 Kf5 34. g4+ Kg6 35. Kg3 Kf6 36. Kf3 Ra8 37. Kg3 Ra3 38. Kg2 Rb3 39. Rd2 Rxb4 40. Bd4+ Kf7 41. h3 Rb3 42. Kh2 Rd3 43. Rxd3 Bxd3 44. Kg3 b4 45. h4 gxh4+ 46. Kxh4 g6 47. f4 b3 48. Kg3 h5 49. gxh5 gxh5 50. Kh4 Kg6 51. Kg3 Kf5 52. Be5 Ke4 0-1

[Event "Sherbrooke Perpetuelles 41-45"]
[Site "Sherbrooke CAN"]
[Date "2004.04.02"]
[Round "1"]
[White "Lopez, Jose"]
[Black "Duclos, Alain"]
[Result "1-0"]
[WhiteElo "1750"]
[BlackElo "1819"]
[PlyCount "53"]
[GameId "2160767911175114"]
[EventDate "2004.04.??"]
[EventType "swiss"]
[EventRounds "5"]
[EventCountry "CAN"]
[SourceTitle "EXT 2005"]
[Source "ChessBase"]
[SourceDate "2004.11.15"]
[SourceVersion "1"]
[SourceVersionDate "2004.11.15"]
[SourceQuality "1"]

1. e4 c5 2. Nf3 e6 3. d4 cxd4 4. Nxd4 Nf6 5. Nc3 d6 6. Bg5 Nc6 7. Qd2 a6 8. O-O-O Bd7 9. f4 Be7 10. Be2 Nxd4 11. Qxd4 O-O 12. Bxf6 gxf6 13. e5 fxe5 14. fxe5 d5 15. Bd3 f5 16. g4 Qa5 17. gxf5 exf5 18. Nxd5 Bg5+ 19. Kb1 Kf7 20. Bc4 Be6 21. Rhg1 Rg8 22. Nf6 Rgd8 23. Bxe6+ Kxe6 24. Qc4+ Ke7 25. Nd5+ Rxd5 26. Rxd5 b5 27. Qc6 1-0

[Event "Sherbrooke Perpetuelles 41-45"]
[Site "Sherbrooke CAN"]
[Date "2004.04.02"]
[Round "1"]
[White "Mathieu, Jean-Philippe"]
[Black "Vincent, Pascal"]
[Result "1-0"]
[WhiteElo "1418"]
[BlackElo "1254"]
[PlyCount "71"]
[GameId "2160767911175115"]
[EventDate "2004.04.??"]
[EventType "swiss"]
[EventRounds "5"]
[EventCountry "CAN"]
[SourceTitle "EXT 2005"]
[Source "ChessBase"]
[SourceDate "2004.11.15"]
[SourceVersion "1"]
[SourceVersionDate "2004.11.15"]
[SourceQuality "1"]

1. e4 e5 2. f4 exf4 3. Nf3 g5 4. Nc3 Nc6 5. Bc4 d6 6. O-O g4 7. d4 gxf3 8. Qxf3 Bg7 9. Bxf4 Bxd4+ 10. Kh1 Bxc3 11. Qxc3 Qf6 12. e5 Qg7 13. Rae1 Be6 14. Bxe6 fxe6 15. Qb3 Nge7 16. Qxe6 Rg8 17. Rf2 dxe5 18. Bxe5 Qg6 19. Bf6 Rg7 20. Bxg7 Qxg7 21. c3 Rd8 22. a4 Rd6 23. Qc8+ Nd8 24. Qxc7 Rh6 25. Ref1 Ne6 26. Qxb7 Qg3 27. Qa8+ Kd7 28. Rd2+ Kc7 29. Qxa7+ Kc6 30. Qd7+ Kb6 31. a5+ Kxa5 32. Ra1+ Kb6 33. Qa7+ Kc6 34. Ra6+ Kb5 35. Qb6+ Kc4 36. Ra4# 1-0

[Event "Sherbrooke Perpetuelles 41-45"]
[Site "Sherbrooke CAN"]
[Date "2004.04.02"]
[Round "1"]
[White "Saziouk, Alexandre"]
[Black "Ouellet-Lahaie, Didier"]
[Result "0-1"]
[WhiteElo "1817"]
[BlackElo "1609"]
[PlyCount "104"]
[GameId "2160767911175116"]
[EventDate "2004.04.??"]
[EventType "swiss"]
[EventRounds "5"]
[EventCountry "CAN"]
[SourceTitle "EXT 2005"]
[Source "ChessBase"]
[SourceDate "2004.11.15"]
[SourceVersion "1"]
[SourceVersionDate "2004.11.15"]
[SourceQuality "1"]

1. d4 Nf6 2. c4 e6 3. Nc3 Bb4 4. Qc2 O-O 5. Bg5 c5 6. e3 b6 7. Bd3 h6 8. Bh4 Bb7 9. f3 cxd4 10. exd4 Nc6 11. Nge2 d5 12. cxd5 Qxd5 13. Bxf6 gxf6 14. O-O-O Qa5 15. Kb1 Rfd8 16. Qc1 Bf8 17. Qf4 Qg5 18. Qc7 Na5 19. Ne4 Qg7 20. Qf4 f5 21. Nf2 Qg5 22. Qxg5+ hxg5 23. h4 Be7 24. hxg5 Bxg5 25. f4 Bf6 26. Rhg1 Kf8 27. g4 fxg4 28. Nxg4 Bxd4 29. Nxd4 Rxd4 30. Rgf1 Rad8 31. Kc2 Nc6 32. a3 Ne7 33. Ne3 Rxd3 34. Rxd3 Be4 35. Rfd1 Nf5 36. Kc3 Rxd3+ 37. Rxd3 Bxd3 38. Kxd3 Nxe3 39. Kxe3 Ke7 40. Ke4 f6 41. Kd4 Kd6 42. b4 b5 43. Ke4 a6 44. Kd4 f5 45. Ke3 Kd5 46. Kd3 e5 47. fxe5 Kxe5 48. Ke3 Kd5 49. Kf4 Kc4 50. Kxf5 Kb3 51. Ke5 Kxa3 52. Kd5 Kxb4 0-1

[Event "Sherbrooke Perpetuelles 41-45"]
[Site "Sherbrooke CAN"]
[Date "2004.04.02"]
[Round "1"]
[White "Sckoropad, Denis"]
[Black "Thomsen, Gunther"]
[Result "0-1"]
[WhiteElo "1180"]
[BlackElo "1146"]
[PlyCount "56"]
[GameId "2160767911175117"]
[EventDate "2004.04.??"]
[EventType "swiss"]
[EventRounds "5"]
[EventCountry "CAN"]
[SourceTitle "EXT 2005"]
[Source "ChessBase"]
[SourceDate "2004.11.15"]
[SourceVersion "1"]
[SourceVersionDate "2004.11.15"]
[SourceQuality "1"]

1. e4 c5 2. Bc4 a6 3. d3 Nf6 4. Bg5 b5 5. Bb3 c4 6. dxc4 bxc4 7. Bxc4 Nxe4 8. Bxf7+ Kxf7 9. Qd5+ Ke8 10. Qxe4 Nc6 11. Nf3 Qb6 12. b3 Bb7 13. Qd3 Nb4 14. Qd1 g6 15. Be3 Qe6 16. Nbd2 Bh6 17. Nd4 Qd5 18. N2f3 Bxe3 19. fxe3 Qe4 20. Qe2 e5 21. a3 Nd5 22. O-O exd4 23. Nxd4 Ke7 24. Qf2 Raf8 25. Qg3 Rxf1+ 26. Rxf1 Nf6 27. Nf5+ gxf5 28. Qg7+ Ke6 0-1

[Event "Sherbrooke Perpetuelles 41-45"]
[Site "Sherbrooke CAN"]
[Date "2004.04.16"]
[Round "2"]
[White "Duclos, Alain"]
[Black "Pilotte, Benoit"]
[Result "1/2-1/2"]
[WhiteElo "1819"]
[BlackElo "1767"]
[PlyCount "60"]
[GameId "2160767911175118"]
[EventDate "2004.04.??"]
[EventType "swiss"]
[EventRounds "5"]
[EventCountry "CAN"]
[SourceTitle "EXT 2005"]
[Source "ChessBase"]
[SourceDate "2004.11.15"]
[SourceVersion "1"]
[SourceVersionDate "2004.11.15"]
[SourceQuality "1"]

1. e4 e5 2. Nf3 Nc6 3. Bb5 a6 4. Ba4 d6 5. c3 f5 6. exf5 Bxf5 7. d4 e4 8. Qe2 Be7 9. Nfd2 Nf6 10. O-O O-O 11. Na3 b5 12. Bb3+ d5 13. Nc2 Bg4 14. Qe1 Qe8 15. Ne3 Qh5 16. Nxg4 Nxg4 17. h3 Nxf2 18. Rxf2 Bh4 19. Rxf8+ Rxf8 20. Qxe4 Bf2+ 21. Kh1 Kh8 22. Qxd5 Qe2 23. Qe4 Be3 24. Nf3 Qf1+ 25. Kh2 Bxc1 26. Rxc1 Qxc1 27. Qxc6 Qf4+ 28. Kg1 Qe3+ 29. Kf1 Qc1+ 30. Kf2 Qd2+ 1/2-1/2

[Event "Sherbrooke Perpetuelles 41-45"]
[Site "Sherbrooke CAN"]
[Date "2004.04.16"]
[Round "2"]
[White "Grenier, Jean-Pierre"]
[Black "Benoit, Andre"]
[Result "1-0"]
[WhiteElo "1563"]
[BlackElo "1474"]
[PlyCount "73"]
[GameId "2160767911175120"]
[EventDate "2004.04.??"]
[EventType "swiss"]
[EventRounds "5"]
[EventCountry "CAN"]
[SourceTitle "EXT 2005"]
[Source "ChessBase"]
[SourceDate "2004.11.15"]
[SourceVersion "1"]
[SourceVersionDate "2004.11.15"]
[SourceQuality "1"]

1. d4 d5 2. Nf3 Bf5 3. e3 e6 4. Bd3 Nd7 5. Bxf5 exf5 6. Qd3 g6 7. Qb5 c5 8. Qxb7 Bd6 9. Qxd5 Qb8 10. Ng5 Nh6 11. e4 O-O 12. e5 Qb4+ 13. c3 Qb5 14. Na3 Qd3 15. Qxd6 Rfd8 16. Be3 Nxe5 17. Qxe5 Ng4 18. Qe7 Rf8 19. Rd1 Qa6 20. Qxc5 Rae8 21. Qc4 Qb7 22. O-O Qxb2 23. Qb3 Qxb3 24. axb3 f6 25. Nf3 g5 26. Nc4 f4 27. Bc1 Re2 28. h3 Nh6 29. Rfe1 Rc2 30. Bd2 Nf5 31. Re6 Kg7 32. Nd6 Kg6 33. Ne5+ Kh5 34. Nxf5 a5 35. Ng4 a4 36. bxa4 Ra8 37. Rxf6 1-0

[Event "Sherbrooke Perpetuelles 41-45"]
[Site "Sherbrooke CAN"]
[Date "2004.04.16"]
[Round "2"]
[White "Laferriere, Bruno"]
[Black "Courteau, Bernard"]
[Result "1-0"]
[WhiteElo "1501"]
[BlackElo "1601"]
[PlyCount "51"]
[GameId "2160767911175122"]
[EventDate "2004.04.??"]
[EventType "swiss"]
[EventRounds "5"]
[EventCountry "CAN"]
[SourceTitle "EXT 2005"]
[Source "ChessBase"]
[SourceDate "2004.11.15"]
[SourceVersion "1"]
[SourceVersionDate "2004.11.15"]
[SourceQuality "1"]

1. c4 Nf6 2. d4 e6 3. Nc3 d5 4. e3 Nbd7 5. Nf3 c5 6. Bd3 b6 7. cxd5 exd5 8. O-O Bb7 9. Re1 Be7 10. e4 dxe4 11. Nxe4 O-O 12. Bf4 Nxe4 13. Bxe4 Bxe4 14. Rxe4 Nf6 15. Re2 cxd4 16. Nxd4 Rc8 17. Nb5 a6 18. Na7 Rc4 19. Qb3 Rb4 20. Qc2 Qd5 21. Nc6 Bc5 22. Nxb4 Bxb4 23. a3 Bc5 24. Rd1 Qb7 25. b4 Be7 26. Qc7 1-0

[Event "Sherbrooke Perpetuelles 41-45"]
[Site "Sherbrooke CAN"]
[Date "2004.04.16"]
[Round "2"]
[White "Liard, Serge"]
[Black "Ouellet-Lahaie, Didier"]
[Result "1-0"]
[WhiteElo "1969"]
[BlackElo "1609"]
[PlyCount "51"]
[GameId "2160767911175123"]
[EventDate "2004.04.??"]
[EventType "swiss"]
[EventRounds "5"]
[EventCountry "CAN"]
[SourceTitle "EXT 2005"]
[Source "ChessBase"]
[SourceDate "2004.11.15"]
[SourceVersion "1"]
[SourceVersionDate "2004.11.15"]
[SourceQuality "1"]

1. e4 e5 2. Nf3 Nc6 3. Bc4 Bc5 4. c3 Nf6 5. O-O O-O 6. d4 exd4 7. cxd4 Be7 8. e5 Ne8 9. d5 Nb8 10. Bf4 d6 11. Nc3 Nd7 12. exd6 Nxd6 13. Bb3 Nf6 14. Re1 Bg4 15. h3 Bh5 16. Qe2 Re8 17. Ba4 Nd7 18. Bxd6 cxd6 19. Qb5 Nf6 20. Qxb7 Rb8 21. Qxa7 Ra8 22. Qd4 Rf8 23. Bc6 Rc8 24. Qe3 Rxc6 25. dxc6 Re8 26. Qa7 1-0

[Event "Sherbrooke Perpetuelles 41-45"]
[Site "Sherbrooke CAN"]
[Date "2004.04.16"]
[Round "2"]
[White "Poirier, Vincent"]
[Black "Beaudry, Michel"]
[Result "1-0"]
[WhiteElo "1661"]
[BlackElo "1430"]
[PlyCount "119"]
[GameId "2160767911175124"]
[EventDate "2004.04.??"]
[EventType "swiss"]
[EventRounds "5"]
[EventCountry "CAN"]
[SourceTitle "EXT 2005"]
[Source "ChessBase"]
[SourceDate "2004.11.15"]
[SourceVersion "1"]
[SourceVersionDate "2004.11.15"]
[SourceQuality "1"]

1. g3 d5 2. Bg2 e5 3. d3 Nf6 4. Nd2 Bd7 5. c4 c6 6. Nb3 Be7 7. Bg5 O-O 8. Bxf6 Bxf6 9. cxd5 cxd5 10. Bxd5 Bc6 11. Bxc6 Nxc6 12. e4 Be7 13. Nf3 f5 14. O-O fxe4 15. dxe4 Qxd1 16. Raxd1 Rxf3 17. Rd7 Kf8 18. Rxb7 Rd8 19. Rc1 Rb8 20. Rxb8+ Nxb8 21. Rc8+ Kf7 22. Rxb8 a6 23. Rb7 Ke8 24. Na5 Bc5 25. Rb8+ Kd7 26. Rb7+ Kc8 27. Kg2 Rxf2+ 28. Kh3 Re2 29. Rxg7 Bg1 30. Nc4 h5 31. Nd6+ Kd8 32. Nb7+ Ke8 33. Nd6+ Kf8 34. Rf7+ Kg8 35. Kh4 Rxh2+ 36. Kg5 Bc5 37. Rf6 Rxb2 38. Rg6+ Kf8 39. Rf6+ Ke7 40. Nf5+ Kd8 41. Rxa6 Re2 42. Ra5 Bb4 43. Rxe5 Rxa2 44. Kxh5 Re2 45. Nd4 Rh2+ 46. Kg4 Ba3 47. Rh5 Rd2 48. Rd5+ Ke8 49. Nb5 Rxd5 50. exd5 Bc5 51. Kf5 Kd7 52. Ke5 Bf2 53. g4 Bg3+ 54. Kf5 Kd8 55. Ke6 Bh4 56. Nd6 Bg3 57. g5 Kc7 58. Nf7 Be1 59. g6 Bc3 60. Ne5 1-0